New Zealand ICC T20 World Cup 2026 squad - Statistics

General Stats
  • This quiz has been taken 10 times
  • The average score is 14 of 18
Answer Stats
Hint Answer % Correct
Batsman Mark Chapman
100%
Bowler Matt Henry
100%
All-Rounder Rachin Ravindra
100%
All-Rounder Daryl Mitchell
90%
Batsman/Wicketkeeper Devon Conway
90%
Batsman Finn Allen
90%
Bowler Lockie Ferguson
90%
All-Rounder/Captain Mitchell Santner
90%
Batsman/Wicketkeeper Tim Seifert
90%
All-Rounder Glenn Phillips
80%
Bowler Ish Sodhi
80%
Bowler Jacob Duffy
80%
All-Rounder James Neesham
80%
Bowler Kyle Jamieson
70%
All-Rounder Michael Bracewell
60%
All-Rounder * Traveling Reserve Cole McConchie
50%
Bowler * Traveling Reserve Ben Sears
30%
Bowler Adam Milne
20%
No matching quizzes found
Score Distribution
Percent of People with Each Score
Percentile by Number Answered
Your Score History
You have not taken this quiz